| 000 | 00786aab a2200205 4500 | ||
|---|---|---|---|
| 001 | 768714001 | ||
| 003 | CO-MdFUSB | ||
| 005 | 20240612084426.0 | ||
| 008 | 170512s1996 cr ||||| |||| 00| 0 spa d | ||
| 022 | _a1409-1968 | ||
| 040 |
_aCO-MdFUSB _bspa _cCO-MdFUSB _dCO-MdFUSB |
||
| 041 | _aspa | ||
| 245 | 1 | 0 |
_aEl hermano Pablo : _bconsejos prácticos sobre el ministerio y la familia luego de una labor de más de cinco décadas |
| 300 |
_aVolumen 13. Número 2 (1996), páginas 6-9 _c: 27 cm. |
||
| 520 | _aApuntes Pastorales entrevista a Pablo Finkenbinder, conocido en todo América Latina como "el Hermano Pablo". | ||
| 653 | _aEntrevista | ||
| 773 | 0 |
_tApuntes Pastorales _049442 _960177 _gVolumen 13. Número 2 (1996), páginas 6-9 _qPágina 6 |
|
| 942 | _cANA | ||
| 945 | _aJTF-925 | ||
| 999 |
_c53552 _d53552 |
||